|
|
|
|
| LEADER |
00000nab a2200000 a 4500 |
| 001 |
vtls000190170 |
| 003 |
SK-MaSNL |
| 005 |
20260303233906.0 |
| 008 |
160215c1984 xo 0 slo |
| 015 |
|
|
|a SNBRB19rr/mm-uuuuu
|
| 035 |
|
|
|a CL0200283
|
| 040 |
|
|
|a SNKBUCL
|b slo
|c SNKBUCL
|e AACR2
|
| 041 |
0 |
|
|a slo
|
| 044 |
|
|
|a xo
|c SK
|
| 080 |
|
|
|a 329.71(437.6)
|2 1981
|
| 080 |
|
|
|a 929 Nižňanský, Jozef
|2 1981
|
| 245 |
0 |
0 |
|a Obetavý funkcionár SSO
|b Zomrel Ing. Jozef Nižňanský
|
| 600 |
1 |
7 |
|a Nižňanský, Jozef
|2 snkbucl
|
| 655 |
|
7 |
|a články z novín a časopisov
|2 snkbucl
|9 267496
|
| 773 |
0 |
|
|t Ľud
|g Roč. 37, č. 180 (1. 8. 1984), s. 1 a 2
|
| 850 |
|
|
|a Slovenská národná knižnica v Martine
|a MTA001
|
| 852 |
|
|
|a SNK
|b KIS3GCP
|
| 958 |
|
|
|a BX
|
| 958 |
|
|
|a RK
|
| 992 |
|
|
|a RBX
|
| 999 |
|
|
|c 2517685
|d 2519615
|